| 000 | 00579nam a2200169 a 4500 | ||
|---|---|---|---|
| 001 | 3142 | ||
| 003 | CDMR | ||
| 005 | 20130322124017.0 | ||
| 008 | 130130s2000||||||||||||||||||||||||||||d | ||
| 020 | _a8484370372 | ||
| 040 |
_aCDMR _bcat _cCPC GIRONA |
||
| 100 | 1 |
_aBusquets i Grabulosa, Lluís _92225 |
|
| 245 | 1 | 0 |
_aPlantem-nos _b: temes vius i pendents per al tombant de mil·leni _cLluis Busquets i Grabulosa, Lluís M. Xirinacs i Damians ; pròleg de Josep M. Terricabras ; epíleg de Jordi Sales Coderch |
| 260 |
_c2000 _bProa _aBarcelona |
||
| 490 | 0 |
_aDebat _v3 |
|
| 942 |
_cMON _2udc |
||
| 999 |
_c3142 _d3142 |
||